000
00388nam a2200145Ia 4500
008
100122s9999 xx 000 0 und d
082
_b
56341
_a
823
100
_a
वैद्य सुरेश
245
_a
नकळत
260
_b
श्रीस्वामी प्रकाशन
_c
1999
300
_a
160
630
_a
नकळत
730
_a
नकळत
942
_c
BOOK
999
_c
432800
_d
432797